=LDR 00000nam 2200000 4500 =001 INLIS000000000051143 =005 20200302082343 =035 ##$$a 0010-0817000326 =007 ta =008 200302################g##########0#ind## =020 ##$$a 978-979-24-0927-7 =082 ##$$a 297.51 =084 ##$$a 297.51 AS- s =100 1#$$a As-Salafi, Abu Abdillah Muhammad Luqman Muhammad =245 1#$$a Syarah adabul mufrad jilid 2 /$c Abu Abdillah Muhammad Luqman Muhammad As-Salafi : penerjemah M. Taqdir Arsyad =250 ##$$a Cet. 3 =260 ##$$a Jakarta :$b Griya Ilmu,$c 2015 =300 ##$$a xx, 640 hlm. ; $c 16x24 cm. =650 #4$$a Akhlak =700 1#$$a Arsyad, M. Taqdir =990 ##$$a 31700688 =990 ##$$a 31700688 =990 ##$$a 31700688 =990 ##$$a 31700688 =990 ##$$a 31700688 =990 ##$$a 31700688